Procurement Principles And Management (Record no. 4476)

MARC details
005 - DATE AND TIME OF LATEST TRANSACTION
control field 20250620081428.0
020 ## - INTERNATIONAL STANDARD BOOK NUMBER
International Standard Book Number 978-0-273-71379-1
082 ## - DEWEY DECIMAL CLASSIFICATION NUMBER
Classification number 658.7BAI
100 ## - MAIN ENTRY--PERSONAL NAME
Author name Peater. B
245 ## - TITLE STATEMENT
Title Procurement Principles And Management
250 ## - EDITION STATEMENT
Edition statement 10th Ed
260 ## - PUBLICATION, DISTRIBUTION, ETC.
Place of publication, distribution, etc. British,
Name of publisher, distributor, etc. British Library Cataloguing -In- Publication Data,
Date of publication, distribution, etc. 1968.
300 ## - PHYSICAL DESCRIPTION
Extent xv,; 438p, ill, table,figure, picture
Other physical details Index,
Dimensions 24cm,
700 ## - ADDED ENTRY--PERSONAL NAME
Other authors/Editors Farmer. D,; Crocker. B,; Jessop. D,; Jones. D
942 ## - ADDED ENTRY ELEMENTS (KOHA)
Source of classification or shelving scheme Dewey Decimal Classification
Koha item type Books
Holdings
Date last seen Total checkouts Full call number Barcode Cost, replacement price Price effective from Koha item type Lost status Source of classification or shelving scheme Damaged status Not for loan Withdrawn status Home library Current library Shelving location Date acquired Cost, normal purchase price
06/20/2025   658.7 BAI DOM0003636 90000.00 06/20/2025 Books   Dewey Decimal Classification       CBE Dodoma CBE Dodoma Special Reserve Collection 05/26/2015 30000.00